Largest Countries Containing 'T' - Statistics

General Stats
  • This quiz has been taken 489 times
  • The average score is 16 of 20
Answer Stats
km Country mi % Correct
9,526,468 United States 3,678,190
97%
2,780,400 Argentina 1,073,500
89%
783,562 Turkey 302,535
89%
7,692,024 Australia 2,969,907
87%
488,100 Turkmenistan 188,500
86%
2,344,858 D.R. Congo 905,355
85%
2,724,900 Kazakhstan 1,052,100
82%
1,221,037 South Africa 471,445
82%
945,087 Tanzania 364,900
82%
881,912 Pakistan 340,508
81%
513,120 Thailand 198,120
81%
652,230 Afghanistan 251,830
78%
1,002,450 Egypt 387,050
78%
342,000 R. Congo 132,000
75%
447,400 Uzbekistan 172,700
74%
1,104,300 Ethiopia 426,400
71%
619,745 South Sudan 239,285
65%
1,030,700 Mauritania 398,000
64%
622,984 C.A.R. 240,535
62%
582,000 Botswana 225,000
56%
No matching quizzes found
Score Distribution
Percent of People with Each Score
Percentile by Number Answered
Your Score History
You have not taken this quiz